000
00258nam a22001217a 4500
082
_a
920
_b
RAM/M
100
_a
RAMESH,B.G
245
_a
MOTHER TERESA
260
_a
BANGALORE
_b
VASAN PUBLICATIONS
300
_a
48
650
_a
BIOGRAPHY
_z
BANGALORE
942
_c
BK
999
_c
5893
_d
5893